RICS guide on community involvement in planning (Record no. 107223)

MARC details
000 -LEADER
fixed length control field 01462cad a22002295a 4500
001 - CONTROL NUMBER
control field L138675
008 - FIXED-LENGTH DATA ELEMENTS--GENERAL INFORMATION
fixed length control field 070703e20070629xxk f 000 0 eng d
035 ## - SYSTEM CONTROL NUMBER
System control number (Sirsi) u138675
041 0# - LANGUAGE CODE
Language code of text/sound track or separate title eng
050 04 - LIBRARY OF CONGRESS CALL NUMBER
Classification number 711.4 $2 18
110 2# - MAIN ENTRY--CORPORATE NAME
Corporate name or jurisdiction name as entry element Royal Institution of Chartered Surveyors
9 (RLIN) 4900
245 00 - TITLE STATEMENT
Title RICS guide on community involvement in planning
Medium [electronic resource]
260 ## - PUBLICATION, DISTRIBUTION, ETC.
Place of publication, distribution, etc. London
Name of publisher, distributor, etc. RICS
Date of publication, distribution, etc. 2007
300 ## - PHYSICAL DESCRIPTION
Extent 5p.
Other physical details ill.
Dimensions 30cm.
520 ## - SUMMARY, ETC.
Summary, etc. Provides a basic introduction to planning system changes introduced by the Town Planning and Compensation Act 2004. Aimed at landowners, developers, housebuilders and surveyors involved in making planning applications or bringing forward land through the Local Development Framework process. Community involvement is key to the new framework. Outlines good practice such as how to achieve obtain early and effective community involvement. A number of advantages can be gained from such an approach such as enhanced reputation, savings in both time and money, a faster and more efficient route through the planning system, and an increased chance of winning more business.
590 ## - LOCAL NOTE (RLIN)
Local note KA
650 24 - SUBJECT ADDED ENTRY--TOPICAL TERM
Topical term or geographic name entry element TOWN PLANNING AND COMPENSATION ACT 2004
651 #4 - SUBJECT ADDED ENTRY--GEOGRAPHIC NAME
Geographic name United Kingdom
Chronological subdivision
690 ## - LOCAL SUBJECT ADDED ENTRY--TOPICAL TERM (OCLC, RLIN)
Topical term or geographic name as entry element Planning and development
9 (RLIN) 6259
856 40 - ELECTRONIC LOCATION AND ACCESS
Uniform Resource Identifier <a href="https://www.rics.org/Environmentalandlandconsultancy/Planninganddevelopment/rics_comm_involvement_guide.htm">https://www.rics.org/Environmentalandlandconsultancy/Planninganddevelopment/rics_comm_involvement_guide.htm</a>
Public note View the item free of charge at www.rics.org...
942 ## - ADDED ENTRY ELEMENTS (KOHA)
Suppress in OPAC 0
Holdings
Withdrawn status Lost status Source of classification or shelving scheme Damaged status Not for loan Home library Current library Shelving location Date acquired Total Checkouts Full call number Barcode Date last seen Copy number Price effective from Koha item type
    Dewey Decimal Classification     London London RICS Boxes 13/09/2007   2007/44 30074259 06/08/2019 1 06/08/2019 Archive
    Dewey Decimal Classification     Virtual Virtual Online 03/07/2007   ONLINE PUBLICATION 138675-1001 06/08/2019 1 06/08/2019 Book